000 00299nam a22001337a 4500
008 170830b xxu||||| |||| 00| 0 eng d
020 _a9780534142506
041 _aeng
080 _a070
100 _a40
101 _aMED
245 _aPROMOTING COMMUNITY CHANGE
_cHOMAN.M.S
942 _2udc
_cBK
999 _c25668
_d25668